Medical and care compunetics 5 /

Bibliographic Details
Corporate Author: International Council on Medical and Care Compunetics
Other Authors: Bos, Lodewijk
Format: Book
Language:English
Published: Amsterdam ; Washington, D.C. : IOS Press, [2008]
Series:Studies in health technology and informatics ; v. 137.
Subjects:

MARC

Tag First Indicator Second Indicator Subfields
LEADER 00000cam a2200000 a 4500
001 in00004509607
005 20191204153341.0
008 080430s2008 ne a b 101 0 eng
010 |a  2008927015 
016 7 |a 101483049  |2 DNLM 
020 |a 9781586038687 
020 |a 1586038680 
029 0 |a NLM  |b 101483049 
029 1 |a NLGGC  |b 311764142 
029 1 |a NZ1  |b 12232540 
035 |a (OCoLC)ocn227017835 
035 |a (OCoLC)227017835 
035 |z (UtOrBLW)47363 
035 |a 67795 
040 |a NLM  |c NLM  |d BTCTA  |d BAKER  |d TMC  |d TMV  |d UtOrBLW 
042 |a nlmcopyc 
049 |a TMVM  |c 1 
060 0 0 |a W1  |b ST92K v.137 2008 
060 1 0 |a W 26.55 I4  |b M489 2008 
060 4 |a W 26.55.I4  |b M489 2008 
245 0 0 |a Medical and care compunetics 5 /  |c edited by Lodewijk Bos [and others]. 
246 3 |a Medical and care compunetics five 
264 1 |a Amsterdam ;  |a Washington, D.C. :  |b IOS Press,  |c [2008] 
264 4 |c ©2008 
300 |a xiv, 410 pages :  |b illustrations ;  |c 25 cm. 
336 |a text  |2 rdacontent  |b txt 
337 |a unmediated  |2 rdamedia 
338 |a volume  |2 rdacarrier  |b nc 
490 1 |a Studies in health technology and informatics ;  |v v. 137 
500 |a "This book accompanies the fifth annual ICMCC event"--p. [vii]. 
504 |a Includes bibliographical references and indexes. 
650 2 |a Medical Informatics. 
650 2 |a Medical Records Systems, Computerized. 
650 2 |a Patient Access to Records. 
650 2 |a Telemedicine. 
655 2 |a Congresses. 
700 1 |a Bos, Lodewijk. 
710 2 |a International Council on Medical and Care Compunetics. 
830 0 |a Studies in health technology and informatics ;  |v v. 137. 
999 |a MARS 
999 f f |s 85f7d579-36e4-3e04-9db0-4524ee83b69e  |i f70de41b-5d9d-3504-a176-5f47bab28216  |t 0 
952 f f |p ric  |a Texas A&M University  |b Rellis Campus  |c Joint Library Facility  |d Remote Storage  |t 0  |e W 26.55.I4 M489 2008  |h National Library of Medicine classification  |i unmediated -- volume  |m 3238902062675 
998 f f |a W 26.55.I4 M489 2008  |t 0  |l Remote Storage